El factor naval en las relaciones entre Chile y los Estados Unidos 1881-1951

Guardado en:
Detalles Bibliográficos
Autor principal: Meneses Ciuffardi, Emilio (autor)
Formato: Libro
Lenguaje:español
Publicado: Santiago Pedagógicas Chilenas 1989
Colección:Colección Histo-Hachette
Materias:
Etiquetas: Agregar Etiqueta
Sin Etiquetas, Sea el primero en etiquetar este registro!

MARC

LEADER 00000nam a2200000 a 4500
001 UCO4631
003 CL-VaPUC
008 000811e19890000CL |||||||||||||||||spa|d
082 0 4 |a 327  |b MEN  |2 21 
100 |a Meneses Ciuffardi, Emilio  |e autor  |9 449259 
245 1 3 |a El factor naval en las relaciones entre Chile y los Estados Unidos 1881-1951 
300 |a 229 p 
942 |c BK 
945 |d 20000811 00:00:00  |a rbrito 
260 |a Santiago  |b Pedagógicas Chilenas  |c 1989 
650 0 |a Relaciones Internacionales  |9 255740 
650 0 |a Fuerzas Armadas  |9 255504 
651 7 |a CHILE  |2 CL-VaPUC  |9 449260 
651 0 |a Estados Unidos  |9 255178 
583 |a last modification  |c 20000811 00:00:00  |k Rodrigo Vera 
490 0 |a Colección Histo-Hachette 
999 |c 290657  |d 290655 
952 |0 0  |1 0  |4 0  |6 327_000000000000000_MEN_1989  |7 0  |8 A  |9 340185  |a BIBHIS  |b BIBHIS  |d 2019-11-20  |i 364104K  |l 1  |o 327 MEN 1989  |p 364104K  |r 2025-01-20  |s 2024-03-25  |w 2019-11-20  |y BK  |k HIS